000 00444nam a2200181Ia 4500
001 1646
005 20260306143743.0
008 260306t2015||||xx |||||||||||||| ||spa||
041 _aESP
082 _a153.9
_bI61
100 _aInterconsulting Bureau S.L.
_eAUT
245 0 _aInteligencia emocional control del estrés
260 _c2015
300 _a261 páginas :
_c24 cm.
650 _aGEN
654 _aCPS
942 _cLIB
_dJUS
_fJUS
_2ddc
_n
999 _c1646
_d1646